000 00197nam a22000857a 4500
008 170427b xxu||||| |||| 00| 0 eng d
100 _93085
_aJauhar
245 _aScience & Chemistry
260 _aNew delhi
999 _c6372
_d6372